[Event "Matinhos Caioba op 9th"]
[Site "Matinhos"]
[Date "2025.07.05"]
[Round "8"]
[White "Do Valle Cardoso, Lucas"]
[Black "Fier, Alexandr"]
[Result "0-1"]
[WhiteElo "2414"]
[BlackElo "2556"]
[PlyCount "94"]
[EventDate "2025.06.29"]
[EventType "swiss"]
[EventRounds "9"]
[EventCountry "BRA"]
[SourceTitle "CB28_2025"]
[SourceDate "2025.07.09"]
[SourceVersion "1"]
[SourceVersionDate "2025.07.09"]
[SourceQuality "1"]

1. Nf3 c5 2. g3 Nf6 3. Bg2 Nc6 4. 0-0 e5 5. c4 d5 6. cxd5 Nxd5 7. d3 Be7 8. Nc3 Nc7 9. Nd2 Bd7 10. a4 0-0 11. Nc4 f6 12. e3 Be6 13. Qe2 Qd7 14. b3 Rad8 15. Rd1 Rfe8 16. Bb2 Bf8 17. Rac1 Na6 18. Qc2 Qf7 19. Qb1 Rd7 20. Rd2 Red8 21. Rcd1 Nab4 22. h3 b6 23. Kh2 Na5 24. Bc1 Nxb3 25. Qxb3 Rxd3 26. Rxd3 Rxd3 27. Rxd3 Nxd3 28. a5 Nxc1 29. Qb1 Bxc4 30. axb6 axb6 31. Qxc1 b5 32. Qd2 b4 33. Nd5 b3 34. e4 Qb7 35. Qb2 Bd6 36. h4 Bxd5 37. exd5 c4 38. Bf1 Qb4 39. Qa1 b2 40. Qb1 Qd2 41. Qf5 h5 42. Bg2 b1Q 43. Qxb1 Qxf2 44. Qb5 Kh7 45. Qxc4 f5 46. Qc6 f4 47. gxf4 Bc5 0-1

[Event "Matinhos Caioba op 9th"]
[Site "Matinhos"]
[Date "2025.07.03"]
[Round "6"]
[White "Do Valle Cardoso, Lucas"]
[Black "Mareco, Sandro"]
[Result "1/2-1/2"]
[WhiteElo "2414"]
[BlackElo "2585"]
[PlyCount "43"]
[EventDate "2025.06.29"]
[EventType "swiss"]
[EventRounds "9"]
[EventCountry "BRA"]
[SourceTitle "CB28_2025"]
[SourceDate "2025.07.09"]
[SourceVersion "1"]
[SourceVersionDate "2025.07.09"]
[SourceQuality "1"]

1. e4 d6 2. d4 Nf6 3. Nc3 e5 4. Nf3 Nbd7 5. h3 c6 6. Bc4 Be7 7. a4 0-0 8. Ba2 exd4 9. Qxd4 Nc5 10. 0-0 a5 11. Rd1 Be6 12. Bxe6 Nxe6 13. Qc4 Nd7 14. Be3 Qc7 15. Nd4 Nxd4 16. Bxd4 Rac8 17. Rd3 Bf6 18. Bxf6 Nxf6 19. Rad1 Rfd8 20. Rd4 Rd7 21. Qd3 Rcd8 22. Qg3 1/2-1/2

[Event "Matinhos Caioba op 9th"]
[Site "Matinhos"]
[Date "2025.07.01"]
[Round "4"]
[White "Do Valle Cardoso, Lucas"]
[Black "Casalaspro, Mathias Andre"]
[Result "1/2-1/2"]
[WhiteElo "2414"]
[BlackElo "2319"]
[PlyCount "47"]
[EventDate "2025.06.29"]
[EventType "swiss"]
[EventRounds "9"]
[EventCountry "BRA"]
[SourceTitle "CB28_2025"]
[SourceDate "2025.07.09"]
[SourceVersion "1"]
[SourceVersionDate "2025.07.09"]
[SourceQuality "1"]

1. c4 Nf6 2. Nc3 g6 3. Nf3 d6 4. d4 Nbd7 5. g3 Bg7 6. Bg2 0-0 7. 0-0 e5 8. e4 Re8 9. d5 Nc5 10. Qc2 a5 11. Be3 b6 12. h3 Nh5 13. Rad1 Bd7 14. Kh2 Rf8 15. Ng1 f5 16. exf5 gxf5 17. Nge2 Qe8 18. f4 e4 19. Rg1 Nf6 20. Rgf1 Qh5 21. Kg1 Qg6 22. Kh2 Qh5 23. Kg1 Qg6 24. Kh2 1/2-1/2

[Event "Matinhos Caioba op 9th"]
[Site "Matinhos"]
[Date "2025.06.29"]
[Round "1"]
[White "Ricci, Lucas Estremes"]
[Black "Do Valle Cardoso, Lucas"]
[Result "0-1"]
[WhiteElo "1840"]
[BlackElo "2414"]
[PlyCount "99"]
[EventDate "2025.06.29"]
[EventType "swiss"]
[EventRounds "9"]
[EventCountry "BRA"]
[SourceTitle "CB28_2025"]
[SourceDate "2025.07.09"]
[SourceVersion "1"]
[SourceVersionDate "2025.07.09"]
[SourceQuality "1"]

1. d4 d5 2. c4 dxc4 3. Nf3 Nf6 4. e3 b5 5. a4 b4 6. Bxc4 e6 7. a5 a6 8. Nbd2 Bb7 9. Qa4+ Nfd7 10. 0-0 Be7 11. Ne5 0-0 12. Ndf3 c5 13. Rd1 Nxe5 14. Nxe5 Qc7 15. Qb3 Bd6 16. f4 cxd4 17. exd4 Nc6 18. Nxc6 Bxc6 19. d5 exd5 20. Bxd5 Bxd5 21. Rxd5 Rfe8 22. Be3 Bxf4 23. Bxf4 Qxf4 24. Rf1 Qe3+ 25. Qxe3 Rxe3 26. Rd7 f6 27. Rf4 Re5 28. Rxb4 Rxa5 29. Rbb7 Rg5 30. Ra7 Rc8 31. Rxa6 Rc1+ 32. Kf2 Rc2+ 33. Kf3 h5 34. b4 Rcxg2 35. h4 R5g3+ 36. Kf4 Rg4+ 37. Kf3 R2g3+ 38. Kf2 Rb3 39. Rd5 Rxh4 40. b5 Rh2+ 41. Kg1 Rc2 42. Ra1 h4 43. Rd4 h3 44. Rh4 Rxb5 45. Rxh3 Rcb2 46. Ra8+ Rb8 47. Ra7 R2b7 48. Rha3 Rxa7 49. Rxa7 Rb2 50. Rc7 0-1

[Event "Florianopolis op 11th"]
[Site "Florianopolis"]
[Date "2025.01.25"]
[Round "9"]
[White "Do Valle Cardoso, Lucas"]
[Black "Bachmann, Axel"]
[Result "1/2-1/2"]
[WhiteElo "2401"]
[BlackElo "2571"]
[PlyCount "144"]
[EventDate "2025.01.18"]
[EventType "swiss"]
[EventRounds "10"]
[EventCountry "BRA"]
[SourceTitle "CB05_2025"]
[SourceDate "2025.01.29"]
[SourceVersion "1"]
[SourceVersionDate "2025.01.29"]
[SourceQuality "1"]

1. e4 g6 2. d4 Bg7 3. Nc3 c6 4. Bc4 d5 5. exd5 b5 6. Bb3 b4 7. dxc6 bxc3 8. Qf3 Qa5 9. Qxf7+ Kd8 10. c7+ Kxc7 11. Bf4+ Kb6 12. Rb1 Bxd4 13. bxc3 Bxc3+ 14. Kd1 Nc6 15. Bd5+ Kc5 16. Bxc6 Kxc6 17. Qc4+ Kd7 18. Rb5 Qa6 19. Rd5+ Ke8 20. Qxc3 Nf6 21. Nf3 Bb7 22. Re5 Rc8 23. Qb3 Be4 24. Nd4 Ng4 25. Re1 Nxf2+ 26. Kd2 Rf8 27. R5xe4 Nxe4+ 28. Rxe4 Qa5+ 29. c3 Rf6 30. Qb5+ Qxb5 31. Nxb5 Rc5 32. a4 a6 33. Na3 Rcf5 34. Be3 Kd7 35. Nc2 Rf1 36. Rd4+ Ke8 37. a5 R6f5 38. Ra4 Rb1 39. Nb4 Rb2+ 40. Kd3 Rf6 41. Ra2 Rxa2 42. Nxa2 Kd7 43. Nb4 Kc8 44. c4 g5 45. Bxg5 Rf5 46. Bxe7 Rxa5 47. Kd4 Ra1 48. Nd5 a5 49. Kc3 Ra2 50. Nf4 Kd7 51. Bf6 Ra3+ 52. Kb2 Re3 53. g3 a4 54. Bd4 Rb3+ 55. Ka2 Kd6 56. Bg1 Rc3 57. c5+ Kc6 58. Ne6 Rc1 59. Be3 Rc2+ 60. Kb1 Rxh2 61. Nd4+ Kb7 62. c6+ Ka6 63. Bf4 a3 64. c7 Kb7 65. Nf5 Rb2+ 66. Ka1 Re2 67. Nd4 Rb2 68. Bd6 Rb6 69. Nf5 Rxd6 70. Nxd6+ Kxc7 71. Ne8+ Kd7 72. Nf6+ Ke6 1/2-1/2

[Event "Florianopolis op 11th"]
[Site "Florianopolis"]
[Date "2025.01.24"]
[Round "8"]
[White "Do Valle Cardoso, Lucas"]
[Black "Haraguchi, Diego Sashaki"]
[Result "1-0"]
[WhiteElo "2401"]
[BlackElo "2058"]
[PlyCount "109"]
[EventDate "2025.01.18"]
[EventType "swiss"]
[EventRounds "10"]
[EventCountry "BRA"]
[SourceTitle "CB05_2025"]
[SourceDate "2025.01.29"]
[SourceVersion "1"]
[SourceVersionDate "2025.01.29"]
[SourceQuality "1"]

1. e4 e5 2. Nf3 Nc6 3. Bb5 Nf6 4. 0-0 Nxe4 5. d4 Nd6 6. Ba4 Be7 7. dxe5 Nf5 8. Nc3 0-0 9. Nd5 d6 10. Nxe7+ Nfxe7 11. exd6 Qxd6 12. Qxd6 cxd6 13. Bf4 d5 14. Rad1 Bg4 15. Rd3 Rfd8 16. h3 Bf5 17. Rd2 Rac8 18. Rfd1 f6 19. c3 Kf7 20. Nd4 Nxd4 21. Rxd4 Be6 22. Bb3 Nc6 23. R4d2 d4 24. Bxe6+ Kxe6 25. cxd4 Kd5 26. Rc2 Ke4 27. Bg3 Nxd4 28. f3+ Nxf3+ 29. gxf3+ Kxf3 30. Rxd8 Rxc2 31. Rd3+ Ke4 32. Rb3 a5 33. Rxb7 a4 34. Rxg7 Rxb2 35. a3 f5 36. Bd6 Rd2 37. Bb4 Ra2 38. Rxh7 Kf3 39. Rd7 f4 40. Rd1 Ke2 41. Rf1 Ke3 42. Rf2 Ra1+ 43. Kg2 Rd1 44. Bd2+ Rxd2 45. Rxd2 Kxd2 46. Kf3 Kc3 47. h4 Kb3 48. h5 Kxa3 49. h6 Kb2 50. h7 a3 51. h8Q+ Kb1 52. Qc3 a2 53. Qb3+ Ka1 54. Ke4 f3 55. Qc2 1-0

[Event "Florianopolis op 11th"]
[Site "Florianopolis"]
[Date "2025.01.23"]
[Round "7"]
[White "Zampronha, Wladimir Camilo"]
[Black "Do Valle Cardoso, Lucas"]
[Result "0-1"]
[WhiteElo "2126"]
[BlackElo "2401"]
[PlyCount "120"]
[EventDate "2025.01.18"]
[EventType "swiss"]
[EventRounds "10"]
[EventCountry "BRA"]
[SourceTitle "CB05_2025"]
[SourceDate "2025.01.29"]
[SourceVersion "1"]
[SourceVersionDate "2025.01.29"]
[SourceQuality "1"]

1. e4 c5 2. Nf3 d6 3. d4 cxd4 4. Nxd4 Nf6 5. Nc3 a6 6. Bg5 e6 7. f4 b5 8. Qf3 Bb7 9. Bd3 Nbd7 10. f5 e5 11. Nde2 Qa5 12. 0-0 b4 13. Nd1 d5 14. Ng3 Bc5+ 15. Kh1 0-0 16. Ne3 Bxe3 17. Qxe3 Rac8 18. Rfe1 Rfe8 19. Qe2 h6 20. Bxf6 Nxf6 21. a3 dxe4 22. Nxe4 Bxe4 23. Bxe4 Qc7 24. Bd3 a5 25. axb4 axb4 26. b3 e4 27. Bc4 Qc5 28. Ra6 Qxf5 29. Ra7 Rf8 30. Rb7 Qf4 31. Qe3 Qd6 32. Qg3 Qc5 33. Qe3 Qd6 34. Qg3 Qxg3 35. hxg3 Rb8 36. Bxf7+ Kh7 37. Rxb8 Rxb8 38. Kg1 Rd8 39. Kf1 h5 40. Ke2 Kh6 41. Rd1 Rxd1 42. Kxd1 Kg5 43. Be6 h4 44. gxh4+ Kxh4 45. c4 bxc3 46. b4 Kg3 47. b5 Kf2 48. b6 e3 49. Bc4 Nd7 50. b7 Kxg2 51. Kc2 Kf2 52. Kxc3 g5 53. Kd4 Nb8 54. Ke5 g4 55. Kd6 g3 56. Kc7 g2 57. Kxb8 g1Q 58. Ka7 Qa1+ 59. Ba6 Qd4+ 60. Ka8 Qb6 0-1

[Event "Florianopolis op 11th"]
[Site "Florianopolis"]
[Date "2025.01.21"]
[Round "5"]
[White "Segato, Pedro Henrique Pedr"]
[Black "Do Valle Cardoso, Lucas"]
[Result "0-1"]
[WhiteElo "1999"]
[BlackElo "2401"]
[PlyCount "86"]
[EventDate "2025.01.18"]
[EventType "swiss"]
[EventRounds "10"]
[EventCountry "BRA"]
[SourceTitle "CB05_2025"]
[SourceDate "2025.01.29"]
[SourceVersion "1"]
[SourceVersionDate "2025.01.29"]
[SourceQuality "1"]

1. d4 d5 2. Nc3 Nf6 3. Bf4 e6 4. Nb5 Na6 5. e3 Be7 6. Nf3 0-0 7. Ne5 Ne4 8. f3 Nf6 9. g4 c5 10. c3 Bd7 11. a4 Be8 12. Be2 Nd7 13. Nxd7 Bxd7 14. 0-0 Bg5 15. Bxg5 Qxg5 16. f4 Qe7 17. Na3 Nc7 18. Nc2 b6 19. Ne1 f6 20. Bf3 a5 21. Ng2 Bc6 22. Qe1 e5 23. Qd2 Kh8 24. Nh4 g6 25. f5 g5 26. Ng2 Rfd8 27. h4 h6 28. Kf2 Kg7 29. Rh1 Ne8 30. Rh3 Nd6 31. hxg5 hxg5 32. Rah1 Rh8 33. Rxh8 Rxh8 34. Rxh8 Kxh8 35. b3 c4 36. dxe5 Qxe5 37. bxc4 Nxc4 38. Qd4 Kg7 39. Bd1 Nb2 40. Qxb6 Nxd1+ 41. Ke1 Bxa4 42. Qb7+ Kh6 43. Qf7 Qg3+ 0-1

[Event "BRA-ch 90th"]
[Site "Natal"]
[Date "2024.12.20"]
[Round "10"]
[White "Do Valle Cardoso, Lucas"]
[Black "Starke, Bruno Orlando"]
[Result "1-0"]
[WhiteElo "2387"]
[BlackElo "2147"]
[PlyCount "97"]
[EventDate "2024.12.13"]
[EventType "swiss"]
[EventRounds "11"]
[EventCountry "BRA"]
[SourceTitle "CB52_2024"]
[SourceDate "2024.12.25"]
[SourceVersion "1"]
[SourceVersionDate "2024.12.25"]
[SourceQuality "1"]

1. e4 c5 2. Nf3 Nc6 3. d4 cxd4 4. Nxd4 e5 5. Nb5 d6 6. N1c3 a6 7. Na3 Be7 8. Nc4 b5 9. Ne3 Nf6 10. g3 h5 11. h4 Be6 12. Bg2 g6 13. 0-0 Nd4 14. Ncd5 Nxd5 15. Nxd5 Bg4 16. f3 Be6 17. Nxe7 Qxe7 18. Bg5 f6 19. Be3 Nc6 20. f4 Bg4 21. Qd2 Rc8 22. Rf2 0-0 23. Raf1 exf4 24. gxf4 Kh7 25. f5 Ne5 26. b3 Rg8 27. Kh1 gxf5 28. exf5 Qc7 29. Qd4 Kg7 30. a4 bxa4 31. Qxa4 Rge8 32. Qxa6 Nc4 33. Bf4 Ne3 34. Bxe3 Rxe3 35. Rd2 Rc3 36. Rff2 Qc5 37. Kg1 Bxf5 38. Rd5 Qxf2+ 39. Kxf2 Rxc2+ 40. Kg1 Rxg2+ 41. Kxg2 Be4+ 42. Kf2 Bxd5 43. Qxc8 Bxb3 44. Qd7+ Bf7 45. Qxd6 Bg6 46. Ke3 Bf5 47. Qe7+ Kg6 48. Qe8+ Kh6 49. Qf7 1-0

[Event "BRA-ch 90th"]
[Site "Natal"]
[Date "2024.12.19"]
[Round "9"]
[White "Fier, Alexandr"]
[Black "Do Valle Cardoso, Lucas"]
[Result "1-0"]
[WhiteElo "2544"]
[BlackElo "2387"]
[PlyCount "125"]
[EventDate "2024.12.13"]
[EventType "swiss"]
[EventRounds "11"]
[EventCountry "BRA"]
[SourceTitle "CB52_2024"]
[SourceDate "2024.12.25"]
[SourceVersion "1"]
[SourceVersionDate "2024.12.25"]
[SourceQuality "1"]

1. c4 e5 2. g3 Nf6 3. Bg2 d5 4. cxd5 Nxd5 5. Nf3 Nc6 6. 0-0 Nb6 7. b3 Be7 8. Bb2 f6 9. Nc3 0-0 10. Qb1 f5 11. Rd1 Bf6 12. d4 e4 13. Ne5 Bxe5 14. dxe5 Qe7 15. a4 a5 16. Nb5 Nb4 17. Qc1 c6 18. Bd4 cxb5 19. Bxb6 Qxe5 20. Bc7 Qe8 21. Rd8 Qc6 22. Rxf8+ Kxf8 23. axb5 Qxb5 24. Bxa5 Kg8 25. Bc7 Rxa1 26. Qxa1 Be6 27. Be5 Qd7 28. g4 Nc6 29. gxf5 Bxf5 30. Bc3 h6 31. Qa8+ Kh7 32. Qf8 Bg6 33. Bh3 Qe7 34. Qxe7 Nxe7 35. Be6 Bf5 36. Bf7 g5 37. Kf1 Bd7 38. Ke1 Bc6 39. b4 Nd5 40. Kd2 Nf4 41. Ke3 Bd5 42. Be8 Bc6 43. Bxc6 bxc6 44. Bd2 Kg6 45. Kd4 Nxe2+ 46. Kc5 Kf5 47. Kxc6 Ke6 48. Be3 Nc3 49. b5 Nxb5 50. Kxb5 Kf5 51. h3 Kg6 52. Bc5 Kf5 53. Be3 Kg6 54. Kc4 Kh5 55. Kd4 Kh4 56. Kxe4 Kxh3 57. Kf5 g4 58. Kf4 h5 59. Kg5 Kg2 60. Kh4 Kf3 61. Bb6 Ke2 62. Kxh5 Kf3 63. Kh4 1-0

[Event "BRA-ch 90th"]
[Site "Natal"]
[Date "2024.12.17"]
[Round "7"]
[White "Do Valle Cardoso, Lucas"]
[Black "Diamant, Andre"]
[Result "1/2-1/2"]
[WhiteElo "2387"]
[BlackElo "2493"]
[PlyCount "65"]
[EventDate "2024.12.13"]
[EventType "swiss"]
[EventRounds "11"]
[EventCountry "BRA"]
[SourceTitle "CB52_2024"]
[SourceDate "2024.12.25"]
[SourceVersion "1"]
[SourceVersionDate "2024.12.25"]
[SourceQuality "1"]

1. e4 c5 2. Nf3 Nc6 3. d4 cxd4 4. Nxd4 g6 5. c4 Nf6 6. Nc3 d6 7. Be2 Nxd4 8. Qxd4 Bg7 9. Be3 0-0 10. Qd2 a5 11. 0-0 a4 12. Rad1 Be6 13. Bd4 Nd7 14. f4 Bxd4+ 15. Qxd4 f6 16. Nd5 Rc8 17. b4 axb3 18. axb3 Bxd5 19. exd5 Qb6 20. Qxb6 Nxb6 21. Rd3 Rfe8 22. Re3 Nd7 23. Re1 Kf7 24. b4 Nb6 25. Re4 f5 26. Rd4 Rc7 27. Rc1 Rec8 28. Kf2 h5 29. Ke3 Nd7 30. Ra1 Nb6 31. Rc1 Nd7 32. Ra1 Nb6 33. Rc1 1/2-1/2

[Event "Manaus op"]
[Site "Manaus"]
[Date "2024.10.17"]
[Round "9"]
[White "Leitao, Rafael Duailibe"]
[Black "Do Valle Cardoso, Lucas"]
[Result "1-0"]
[WhiteElo "2592"]
[BlackElo "2375"]
[PlyCount "125"]
[EventDate "2024.10.11"]
[EventType "swiss"]
[EventRounds "9"]
[EventCountry "BRA"]
[SourceTitle "CB43_2024"]
[Source "Chessbase"]
[SourceDate "2024.10.23"]
[SourceVersion "1"]
[SourceVersionDate "2024.10.23"]
[SourceQuality "1"]

1. c4 e5 2. g3 Nf6 3. Bg2 d5 4. cxd5 Nxd5 5. Nf3 Nc6 6. 0-0 Nf6 7. d3 h6 8. b3 Bd6 9. Bb2 0-0 10. Nbd2 Re8 11. Nc4 Bg4 12. h3 Bf5 13. e4 Bh7 14. Re1 b5 15. Nxd6 cxd6 16. Qd2 Rc8 17. Rac1 Qd7 18. Rc2 Qb7 19. Rec1 a5 20. h4 b4 21. Bh3 Rc7 22. Rc4 d5 23. exd5 Nxd5 24. Qc2 Nc3 25. Bxc3 bxc3 26. Qxc3 Nd4 27. Nxd4 Rxc4 28. dxc4 exd4 29. Qxd4 Qb4 30. Qc3 Qc5 31. Re1 Rxe1+ 32. Qxe1 Bg6 33. Qc1 Kh7 34. a3 Kg8 35. Bf1 Kh8 36. Qb2 Be4 37. b4 Qf5 38. Qe2 g5 39. hxg5 hxg5 40. Bg2 Bd3 41. Qe8+ Kg7 42. c5 Qf6 43. Qe1 Bb5 44. Qc1 axb4 45. axb4 Qe5 46. c6 Ba6 47. Qe3 Qf5 48. Qd4+ Kg8 49. Qa1 Bc8 50. Qb2 Qd3 51. Qc1 Qb5 52. Qc3 Qe2 53. Bf1 Qe4 54. b5 Be6 55. c7 Bc8 56. Qe3 Qf5 57. Qd3 Qg4 58. Qd5 Be6 59. Qd8+ Kg7 60. b6 Bc8 61. Qd5 Be6 62. Qe5+ f6 63. Qxe6 1-0

[Event "Manaus op"]
[Site "Manaus"]
[Date "2024.10.12"]
[Round "2"]
[White "Santos, Rikelme Amorim Dos"]
[Black "Do Valle Cardoso, Lucas"]
[Result "0-1"]
[WhiteElo "1944"]
[BlackElo "2375"]
[PlyCount "61"]
[EventDate "2024.10.11"]
[EventType "swiss"]
[EventRounds "9"]
[EventCountry "BRA"]
[SourceTitle "CB43_2024"]
[Source "Chessbase"]
[SourceDate "2024.10.23"]
[SourceVersion "1"]
[SourceVersionDate "2024.10.23"]
[SourceQuality "1"]

1. e4 e5 2. Nf3 Nc6 3. Bc4 Nf6 4. d3 Bc5 5. Bg5 d6 6. c3 h6 7. Bh4 g5 8. Bg3 Qe7 9. Nbd2 a6 10. b4 Ba7 11. a4 Nh5 12. Nf1 Nf4 13. Rg1 a5 14. b5 Nd8 15. Ne3 Nde6 16. Bxf4 Nxf4 17. g3 Nh3 18. Rf1 c6 19. Rb1 Bc5 20. Kd2 0-0 21. Ng1 Nxg1 22. Rxg1 Kg7 23. Qf3 f5 24. Nxf5+ Bxf5 25. exf5 d5 26. Bb3 e4 27. Qg4 h5 28. Qxh5 Rxf5 29. Rh1 Rxf2+ 30. Kd1 Rh8 31. Ke1 0-1

[Event "Niteroi op 4th"]
[Site "Niteroi"]
[Date "2024.08.30"]
[Round "4"]
[White "Do Valle Cardoso, Lucas"]
[Black "Terao, Juliana Sayumi"]
[Result "1-0"]
[WhiteElo "2365"]
[BlackElo "2161"]
[PlyCount "81"]
[EventDate "2024.08.28"]
[EventType "swiss"]
[EventRounds "7"]
[EventCountry "BRA"]
[SourceTitle "CBM 221 Extra"]
[Source "ChessBase"]
[SourceDate "2024.09.30"]
[SourceVersion "1"]
[SourceVersionDate "2024.09.30"]
[SourceQuality "1"]

1. e4 e5 2. Nf3 Nc6 3. Bb5 a6 4. Ba4 Nf6 5. 0-0 Be7 6. Re1 b5 7. Bb3 0-0 8. h3 d6 9. c3 Na5 10. Bc2 c5 11. d4 cxd4 12. cxd4 Nc6 13. Nc3 Bb7 14. d5 Nb8 15. Bd2 Nbd7 16. b4 Nb6 17. a4 bxa4 18. Nxa4 Bc8 19. Bd3 Ne8 20. Nxb6 Qxb6 21. b5 Nc7 22. Ba5 Qb7 23. Bxc7 Qxc7 24. bxa6 Qa7 25. Nd2 Bh4 26. Qf3 g6 27. Qe3 Qe7 28. Nf3 Bf6 29. a7 Bg7 30. Reb1 f5 31. Rb8 Bb7 32. Rb1 Bxd5 33. exd5 Rxa7 34. Rxf8+ Bxf8 35. Bf1 Ra2 36. Qb3 Qa7 37. Qb6 Qxb6 38. Rxb6 Ra1 39. Rb7 Bg7 40. Rb8+ Kf7 41. Ng5+ 1-0

[Event "Niteroi op 4th"]
[Site "Niteroi"]
[Date "2024.08.28"]
[Round "1"]
[White "Do Valle Cardoso, Lucas"]
[Black "Hubner, Jessica Trindade"]
[Result "1-0"]
[WhiteElo "2365"]
[BlackElo "1845"]
[PlyCount "61"]
[EventDate "2024.08.28"]
[EventType "swiss"]
[EventRounds "7"]
[EventCountry "BRA"]
[SourceTitle "CBM 221 Extra"]
[Source "ChessBase"]
[SourceDate "2024.09.30"]
[SourceVersion "1"]
[SourceVersionDate "2024.09.30"]
[SourceQuality "1"]

1. c4 f5 2. d4 Nf6 3. Nc3 d6 4. Nf3 e6 5. d5 e5 6. e4 Be7 7. Bd3 f4 8. g3 fxg3 9. hxg3 Bg4 10. Be2 Nbd7 11. Ng5 Bxe2 12. Qxe2 Nf8 13. Be3 Qd7 14. 0-0-0 a6 15. f4 Ng4 16. f5 Nxe3 17. Qxe3 Qd8 18. Nf3 Qd7 19. Kb1 b6 20. g4 0-0-0 21. c5 bxc5 22. Nd2 Kb7 23. Nc4 Rb8 24. Na5+ Kc8 25. Nc6 Rb6 26. Na4 Rb5 27. Qa3 Kb7 28. Rd3 Bg5 29. Rb3 Rb6 30. Nxb6 cxb6 31. Rxb6+ 1-0

[Event "Titled Tuesday intern op 16th Jul Late"]
[Site "Chess.com INT"]
[Date "2024.07.16"]
[Round "9"]
[White "Do Valle Cardoso, Lucas"]
[Black "Delorme, Axel"]
[Result "1-0"]
[WhiteElo "2356"]
[BlackElo "2468"]
[PlyCount "79"]
[EventDate "2024.07.16"]
[EventType "swiss (blitz)"]
[EventRounds "11"]
[EventCountry "USA"]
[SourceTitle "EXT 2025"]
[Source "ChessBase"]
[SourceDate "2024.10.14"]
[SourceVersion "1"]
[SourceVersionDate "2024.10.14"]
[SourceQuality "1"]

1. e4 c5 2. Nf3 d6 3. Nc3 a6 4. d4 cxd4 5. Nxd4 Nf6 6. a3 e5 7. Nf5 d5 8. Bg5 d4 9. Bxf6 gxf6 10. Nb1 Bxf5 11. exf5 Nc6 12. Nd2 Bh6 13. Ne4 0-0 14. Qh5 Bg7 15. Bd3 b5 16. h4 Qa5+ 17. Kf1 b4 18. g4 bxa3 19. Rxa3 Qd8 20. g5 Kh8 21. Rg1 Rg8 22. Qxf7 Nb4 23. Bc4 Rf8 24. Qh5 Nxc2 25. Rag3 fxg5 26. Nxg5 h6 27. Nf7+ Rxf7 28. Qxf7 Qf6 29. Rxg7 Qxf7 30. Rxf7 Rc8 31. b3 a5 32. Re7 a4 33. Rgg7 Rxc4 34. Rh7+ Kg8 35. Reg7+ Kf8 36. f6 Ne3+ 37. fxe3 Rc1+ 38. Ke2 d3+ 39. Kxd3 Rd1+ 40. Ke4 1-0

[Event "Titled Tuesday intern op 16th Jul Late"]
[Site "Chess.com INT"]
[Date "2024.07.16"]
[Round "5"]
[White "Do Valle Cardoso, Lucas"]
[Black "Rajmohan, Vikram"]
[Result "1-0"]
[WhiteElo "2356"]
[BlackElo "2062"]
[PlyCount "87"]
[EventDate "2024.07.16"]
[EventType "swiss (blitz)"]
[EventRounds "11"]
[EventCountry "USA"]
[SourceTitle "EXT 2025"]
[Source "ChessBase"]
[SourceDate "2024.10.14"]
[SourceVersion "1"]
[SourceVersionDate "2024.10.14"]
[SourceQuality "1"]

1. e4 c6 2. d4 d5 3. Nc3 dxe4 4. Nxe4 Nf6 5. Nxf6+ exf6 6. c3 Bd6 7. Bd3 0-0 8. Qc2 Re8+ 9. Ne2 h5 10. Be3 Nd7 11. 0-0-0 Nf8 12. Kb1 Be6 13. c4 Rc8 14. a3 b5 15. c5 Bb8 16. Nc3 a5 17. d5 cxd5 18. Bxb5 Re7 19. h3 Be5 20. f4 Bxc3 21. Qxc3 Bf5+ 22. Ka1 Be4 23. c6 Ne6 24. Rhe1 Rb8 25. Ba4 Qc7 26. g4 h4 27. f5 Nf4 28. Bc5 Ree8 29. Qd4 Nxh3 30. Ba7 Ng5 31. Bxb8 Rxb8 32. Qc5 h3 33. Rxd5 Bxd5 34. Qxd5 Qg3 35. Rh1 Nf3 36. Bb3 Ne5 37. c7 Rf8 38. Qd8 Qxb3 39. c8Q Rxd8 40. Qxd8+ Kh7 41. Qd2 Qg3 42. Qh2 Qxg4 43. Qxh3+ Kg8 44. Qh8# 1-0

[Event "Titled Tuesday intern op 16th Jul Late"]
[Site "Chess.com INT"]
[Date "2024.07.16"]
[Round "4"]
[White "Reprintsev, Alexander"]
[Black "Do Valle Cardoso, Lucas"]
[Result "1-0"]
[WhiteElo "2230"]
[BlackElo "2356"]
[PlyCount "67"]
[EventDate "2024.07.16"]
[EventType "swiss (blitz)"]
[EventRounds "11"]
[EventCountry "USA"]
[SourceTitle "EXT 2025"]
[Source "ChessBase"]
[SourceDate "2024.10.14"]
[SourceVersion "1"]
[SourceVersionDate "2024.10.14"]
[SourceQuality "1"]

1. e4 e5 2. f4 exf4 3. Bc4 Nf6 4. Nc3 Nxe4 5. Qe2 f5 6. d3 Qh4+ 7. Kf1 Bc5 8. dxe4 Kd8 9. Nf3 Qg4 10. h3 Qg3 11. Nd5 g5 12. b4 c6 13. Nxf4 gxf4 14. bxc5 Re8 15. e5 d5 16. cxd6 Be6 17. Bxe6 Rxe6 18. h4 Nd7 19. Rh3 Qg4 20. h5 Nf6 21. Rh4 Qg8 22. Bxf4 Ne4 23. Nd2 Nc3 24. Qd3 Nd5 25. Qg3 Qe8 26. Qg5+ Kc8 27. Qxf5 b6 28. Nf3 Kb7 29. Nd4 Nxf4 30. Rxf4 Rxe5 31. Qf7+ Ka6 32. Qxe8 Raxe8 33. Nxc6 Rd5 34. Nb4+ 1-0

[Event "Caioba op 8th"]
[Site "Caioba"]
[Date "2024.06.25"]
[Round "4"]
[White "Do Valle Cardoso, Lucas"]
[Black "Calcado, Acyr Rogerio"]
[Result "1-0"]
[WhiteElo "2356"]
[BlackElo "2134"]
[PlyCount "41"]
[EventDate "2024.06.23"]
[EventType "swiss"]
[EventRounds "9"]
[EventCountry "BRA"]
[SourceTitle "CBM 220 Extra"]
[Source "ChessBase"]
[SourceDate "2024.07.31"]
[SourceVersion "1"]
[SourceVersionDate "2024.07.31"]
[SourceQuality "1"]

1. e4 c5 2. Nf3 e6 3. d4 cxd4 4. Nxd4 a6 5. Nc3 Qc7 6. Be3 Nf6 7. g4 Bb4 8. f3 d6 9. Qd2 b5 10. 0-0-0 Bb7 11. a3 Bxc3 12. Qxc3 Qxc3 13. bxc3 Ke7 14. c4 bxc4 15. Bxc4 d5 16. exd5 Nxd5 17. Nf5+ exf5 18. Bxd5 Bxd5 19. Rxd5 f6 20. gxf5 g6 21. Bd4 1-0

[Event "Titled Tuesday intern op 11th Jun Late"]
[Site "Chess.com INT"]
[Date "2024.06.11"]
[Round "6"]
[White "Do Valle Cardoso, Lucas"]
[Black "De Souza, Arthur Olintho"]
[Result "1-0"]
[WhiteElo "2356"]
[BlackElo "2113"]
[PlyCount "63"]
[EventDate "2024.06.11"]
[EventType "swiss (blitz)"]
[EventRounds "11"]
[EventCountry "USA"]
[SourceTitle "EXT 2025"]
[Source "ChessBase"]
[SourceDate "2024.10.14"]
[SourceVersion "1"]
[SourceVersionDate "2024.10.14"]
[SourceQuality "1"]

1. e4 e6 2. d4 d5 3. Nc3 Bb4 4. e5 Qd7 5. a3 Bf8 6. f4 b6 7. Nf3 Ba6 8. Bxa6 Nxa6 9. Qd3 Nb8 10. 0-0 c5 11. Ne2 cxd4 12. Nexd4 Nc6 13. c3 Nh6 14. Nxc6 Qxc6 15. Nd4 Bc5 16. Be3 Qd7 17. Nb5 Bxe3+ 18. Kh1 Bc5 19. b4 Be7 20. a4 0-0 21. a5 a6 22. Nd4 b5 23. g4 Nxg4 24. Qg3 Nh6 25. Rg1 g6 26. Qh3 Nf5 27. Nxf5 exf5 28. Qh6 f6 29. Rxg6+ hxg6 30. Qxg6+ Kh8 31. Qh5+ Kg7 32. Rg1# 1-0